You can make it happen (Record no. 3861)
[ view plain ]
| 000 -LEADER | |
|---|---|
| fixed length control field | 00420nam a22001817a 4500 |
| 003 - CONTROL NUMBER IDENTIFIER | |
| control field | OSt |
| 005 - DATE AND TIME OF LATEST TRANSACTION | |
| control field | 20250916155612.0 |
| 008 - FIXED-LENGTH DATA ELEMENTS--GENERAL INFORMATION | |
| fixed length control field | 250916b |||||||| |||| 00| 0 eng d |
| 020 ## - INTERNATIONAL STANDARD BOOK NUMBER | |
| International Standard Book Number | 9787936640816 |
| 082 ## - DEWEY DECIMAL CLASSIFICATION NUMBER | |
| Classification number | 658.4 |
| Item number | SWAY |
| 100 ## - MAIN ENTRY--PERSONAL NAME | |
| Personal name | Swarup,Anil |
| 245 ## - TITLE STATEMENT | |
| Title | You can make it happen |
| 260 ## - PUBLICATION, DISTRIBUTION, ETC. | |
| Place of publication, distribution, etc. | New Delhi |
| Name of publisher, distributor, etc. | Unique Publishers |
| 300 ## - PHYSICAL DESCRIPTION | |
| Extent | 255P. |
| 546 ## - LANGUAGE NOTE | |
| Language note | English |
| 651 ## - SUBJECT ADDED ENTRY--GEOGRAPHIC NAME | |
| Geographic name | Management |
| 942 ## - ADDED ENTRY ELEMENTS (KOHA) | |
| Source of classification or shelving scheme | Dewey Decimal Classification |
| Koha item type | Book |
| Withdrawn status | Lost status | Source of classification or shelving scheme | Damaged status | Not for loan | Collection code | Home library | Current library | Shelving location | Date acquired | Source of acquisition | Cost, normal purchase price | Inventory number | Total Checkouts | Full call number | Barcode | Date last seen | Date last checked out | Price effective from | Koha item type |
|---|---|---|---|---|---|---|---|---|---|---|---|---|---|---|---|---|---|---|---|
| Dewey Decimal Classification | Non-fiction | RIC Library | RIC Library | General Stacks | 09/16/2025 | M/s Allied Informatics | 425.00 | 13619/09.09.25 | 3 | 658.4 SWAY | 003140 | 02/02/2026 | 12/09/2025 | 09/16/2025 | Book |
